Sleeping beauty / (Record no. 111790)
[ view plain ]
| 000 -LEADER | |
|---|---|
| fixed length control field | 00552nam a2200181 a 4500 |
| 001 - CONTROL NUMBER | |
| control field | 1893 |
| 005 - DATE AND TIME OF LATEST TRANSACTION | |
| control field | 20140414131922.0 |
| 008 - FIXED-LENGTH DATA ELEMENTS--GENERAL INFORMATION | |
| fixed length control field | 020416s19uu xx 00 eng d |
| 020 ## - INTERNATIONAL STANDARD BOOK NUMBER | |
| International Standard Book Number | 81-85559-25-2 |
| 050 ## - LIBRARY OF CONGRESS CALL NUMBER | |
| Classification number | ER |
| Item number | Sl2 1991 |
| 245 ## - TITLE STATEMENT | |
| Title | Sleeping beauty / |
| Statement of responsibility, etc | illustration Special Effects Enterprise. |
| 260 ## - PUBLICATION, DISTRIBUTION, ETC. (IMPRINT) | |
| Place of publication, distribution, etc | Worli Naka, Bombay : |
| Name of publisher, distributor, etc | Hiralal Printing Works Pvt., |
| Date of publication, distribution, etc | 1991. |
| 300 ## - PHYSICAL DESCRIPTION | |
| Extent | 1 v. p. : ill. ; cm. |
| 440 ## - SERIES STATEMENT/ADDED ENTRY--TITLE | |
| Title | Keep Busy Series of Fairy Tales Book. |
| 650 ## - SUBJECT ADDED ENTRY--TOPICAL TERM | |
| Topical term or geographic name as entry element | Fairy tales. |
| 650 ## - SUBJECT ADDED ENTRY--TOPICAL TERM | |
| Topical term or geographic name as entry element | Children stories |
| General subdivision | Fiction. |
| Withdrawn status | Lost status | Damaged status | Use restrictions | Home library | Current library | Shelving location | Date acquired | Source of acquisition | Total Checkouts | Full call number | Barcode | Date last seen | Price effective from | Koha item type |
|---|---|---|---|---|---|---|---|---|---|---|---|---|---|---|
| Munich Library | Munich Library | Easy Reading Section | 12/28/2004 | ER Sl2 1991 | M2685 | 04/14/2014 | 04/14/2014 | Books |